| 000 -LEADER |
| fixed length control field |
01518 a2200289 4500 |
| 003 - CONTROL NUMBER IDENTIFIER |
| control field |
Nust |
| 005 - DATE AND TIME OF LATEST TRANSACTION |
| control field |
20211111160951.0 |
| 010 ## - LIBRARY OF CONGRESS CONTROL NUMBER |
| LC control number |
97019408 |
| 020 ## - INTERNATIONAL STANDARD BOOK NUMBER |
| International Standard Book Number |
0070010692 |
| 038 ## - RECORD CONTENT LICENSOR |
| Staff Name |
MCS |
| 040 ## - CATALOGING SOURCE |
| Transcribing agency |
Nust |
| 082 00 - DEWEY DECIMAL CLASSIFICATION NUMBER |
| Classification number |
621.387 |
| 100 1# - MAIN ENTRY--PERSONAL NAME |
| Personal name |
Ali, Syed Riffat. |
| 9 (RLIN) |
83927 |
| 245 10 - TITLE STATEMENT |
| Title |
Digital switching systems : |
| Remainder of title |
system reliability and analysis / |
| Statement of responsibility, etc. |
Syed Riffat Ali. |
| 260 ## - PUBLICATION, DISTRIBUTION, ETC. |
| Place of publication, distribution, etc. |
New York : |
| Name of publisher, distributor, etc. |
McGraw-Hill, |
| Date of publication, distribution, etc. |
c1998. |
| 300 ## - PHYSICAL DESCRIPTION |
| Extent |
xv, 217 p. : |
| Other physical details |
ill. ; |
| Dimensions |
24 cm. |
| 505 ## - FORMATTED CONTENTS NOTE |
| Formatted contents note |
Switching Systems Fundamenatals (Page-1), Communication and Control (Page-21), Reliability Modeling (Page-47),Switching Systems Reliability Analysis (Page-67), Switching System Software (Page-87), Quality Analysis of Switching System Software (Page-107),Maintenance of Digital Switching Systems (Page-127), Analysis of Networed Switching Systems (Page-147), A Generic Digital Switching System Model (Page-165),Major Digital Switching Systems in the North American Network (Page-183), |
| 538 ## - SYSTEM DETAILS NOTE |
| System details note |
Almirah No.27 Shelf No.2 |
| 563 ## - BINDING INFORMATION |
| Binding note |
HB |
| 650 #0 - SUBJECT ADDED ENTRY--TOPICAL TERM |
| Topical term or geographic name entry element |
Digital telephone systems |
| General subdivision |
Reliability. |
| 9 (RLIN) |
83928 |
| 650 #0 - SUBJECT ADDED ENTRY--TOPICAL TERM |
| Topical term or geographic name entry element |
System analysis. |
| 9 (RLIN) |
2233 |
| 650 #0 - SUBJECT ADDED ENTRY--TOPICAL TERM |
| Topical term or geographic name entry element |
Telephone switching systems, Electronic |
| General subdivision |
Reliability. |
| 9 (RLIN) |
83929 |
| 856 42 - ELECTRONIC LOCATION AND ACCESS |
| Materials specified |
Contributor biographical information |
| Uniform Resource Identifier |
<a href="http://www.loc.gov/catdir/enhancements/fy0705/97019408-b.html">http://www.loc.gov/catdir/enhancements/fy0705/97019408-b.html</a> |
| 856 42 - ELECTRONIC LOCATION AND ACCESS |
| Materials specified |
Publisher description |
| Uniform Resource Identifier |
<a href="http://www.loc.gov/catdir/description/mh023/97019408.html">http://www.loc.gov/catdir/description/mh023/97019408.html</a> |
| 856 42 - ELECTRONIC LOCATION AND ACCESS |
| Materials specified |
Table of contents |
| Uniform Resource Identifier |
<a href="http://www.loc.gov/catdir/toc/mh022/97019408.html">http://www.loc.gov/catdir/toc/mh022/97019408.html</a> |
| 942 ## - ADDED ENTRY ELEMENTS (KOHA) |
| Koha item type |
Reference |
| Source of classification or shelving scheme |
|